Online Public Access Catalogue

The primary structure of proteins; : principles and practices for the determination of amino acid sequence / (Record no. 979)

MARC details
000 -LEADER
fixed length control field 00487nam a2200133Ia 4500
082 ## - DEWEY DECIMAL CLASSIFICATION NUMBER
Classification number 547.75
Author Mark SCH
100 ## - MAIN ENTRY--PERSONAL NAME
Author Name Schroeder, Walter A.
245 #4 - TITLE STATEMENT
Title The primary structure of proteins; : principles and practices for the determination of amino acid sequence /
260 ## - PUBLICATION, DISTRIBUTION, ETC.
Place of publication, distribution, etc. New York
Name of publisher, distributor, etc. Harper & Row Publishers
Date of publication, distribution, etc. 1968
300 ## - PHYSICAL DESCRIPTION
No of Pages 210
illustrations ILL
Dimensions 18CM
504 ## - BIBLIOGRAPHY, ETC. NOTE
Bibliography, Index, etc. note Include:index
650 ## - SUBJECT ADDED ENTRY--TOPICAL TERM
Subject Proteins. Amino acids.
Keywords Proteins--Analysis
-- Amino acid sequence
942 ## - ADDED ENTRY ELEMENTS (KOHA)
Koha item type Books
Source of classification or shelving scheme
Holdings
Item status Home library Current library Shelving location Date acquired Total Checkouts Full call number Barcode Date last seen Koha item type
  Islamabad Medical and Dental College Islamabad Medical and Dental College Islamabad Medical and Dental College 16/03/2018   547.75 SCH 1139 16/03/2018 Books

Copyright @ IMDC Library
Islamabad Medical and Dental College
Bhara Kahu, Islamabad

  Contact the Librarian, IMDC
  Email:: library@imdcollege.edu.pk

  OPAC Customized by
  Mazhar Hussain,
  Librarian:
  Islamabad Medical and Dental College
  Email:: library@imdcollege.edu.pk